[Event "Florianopolis op 10th"]
[Site "Florianopolis"]
[Date "2024.01.22"]
[Round "4"]
[White "Fischer, Ivo Lucio"]
[Black "Jordao Barbosa, Marcio Ferre"]
[Result "0-1"]
[WhiteElo "1860"]
[BlackElo "2146"]
[PlyCount "70"]
[EventDate "2024.01.20"]
[EventType "swiss"]
[EventRounds "10"]
[EventCountry "BRA"]
[SourceTitle "CB05_2024"]
[SourceDate "2024.01.31"]
[SourceVersion "1"]
[SourceVersionDate "2024.01.31"]
[SourceQuality "1"]

1. d4 d5 2. c4 e6 3. Nc3 Nf6 4. cxd5 exd5 5. Bg5 Be7 6. e3 0-0 7. Bd3 Be6 8. Qc2 h6 9. Bh4 c5 10. dxc5 Bxc5 11. Nf3 Nc6 12. 0-0 Be7 13. a3 d4 14. Rad1 g5 15. Bg3 dxc3 16. Bh7+ Nxh7 17. Rxd8 Rfxd8 18. bxc3 Rac8 19. Qa4 Nf6 20. h4 g4 21. Ne5 Nh5 22. Nxc6 bxc6 23. Qxa7 Bf6 24. Rc1 Nxg3 25. fxg3 Rd2 26. e4 Rcd8 27. Qe3 Kg7 28. Qc5 Re2 29. Qxc6 Rdd2 30. a4 Be5 31. a5 Rxg2+ 32. Kh1 Bxg3 33. a6 Bf4 34. Re1 Rh2+ 35. Kg1 g3 0-1

[Event "Florianopolis op 10th"]
[Site "Florianopolis"]
[Date "2024.01.22"]
[Round "3"]
[White "Jordao Barbosa, Marcio Ferre"]
[Black "Galego, Luis"]
[Result "0-1"]
[WhiteElo "2146"]
[BlackElo "2468"]
[PlyCount "102"]
[EventDate "2024.01.20"]
[EventType "swiss"]
[EventRounds "10"]
[EventCountry "BRA"]
[SourceTitle "CB05_2024"]
[SourceDate "2024.01.31"]
[SourceVersion "1"]
[SourceVersionDate "2024.01.31"]
[SourceQuality "1"]

1. e4 c5 2. Nf3 a6 3. c4 d6 4. d4 cxd4 5. Nxd4 Nf6 6. Nc3 g6 7. Be2 Bg7 8. 0-0 0-0 9. Be3 Nc6 10. h3 Bd7 11. Qc2 Rc8 12. Rac1 Nxd4 13. Bxd4 Bc6 14. Rfd1 Qa5 15. Nd5 Bxd5 16. exd5 Nd7 17. Bg4 f5 18. Bxg7 Kxg7 19. Be2 Ne5 20. f4 Nd7 21. Qc3+ Qxc3 22. Rxc3 a5 23. Rb3 Rc7 24. Rb5 b6 25. Rc1 Rb8 26. Rc3 Rc5 27. Rcb3 Kf6 28. Kf2 Rxb5 29. Rxb5 g5 30. g3 gxf4 31. gxf4 Nc5 32. h4 h6 33. Bf3 Kf7 34. Bh5+ Kg7 35. Ke3 Kf6 36. Bf3 Nd7 37. b3 Nc5 38. Kf2 Na6 39. a4 Nc7 40. h5 Nxb5 41. axb5 Ra8 42. Bd1 e6 43. dxe6 Kxe6 44. Bf3 Ra7 45. Ke3 a4 46. bxa4 Rxa4 47. Kd4 Ra3 48. Be2 Rh3 49. Bd1 Rh4 50. Ke3 d5 51. Be2 Kd6 0-1

[Event "Recife PE23 Gr A"]
[Site "Recife"]
[Date "2023.04.07"]
[Round "2"]
[White "Jordao Barbosa, Marcio Ferre"]
[Black "Soares, Alberto M Colares"]
[Result "1-0"]
[WhiteElo "2105"]
[BlackElo "2057"]
[PlyCount "57"]
[EventDate "2023.04.06"]
[EventType "tourn"]
[EventRounds "7"]
[EventCountry "BRA"]
[SourceTitle "EXT 2024"]
[Source "ChessBase"]
[SourceDate "2023.10.10"]
[SourceVersion "1"]
[SourceVersionDate "2023.10.10"]
[SourceQuality "1"]

1. e4 d6 2. d4 g6 3. Nc3 Bg7 4. Be3 a6 5. Qd2 Nd7 6. 0-0-0 c6 7. g4 b5 8. h4 Qa5 9. a3 Nb6 10. f3 Nc4 11. Bxc4 bxc4 12. h5 h6 13. hxg6 fxg6 14. Nge2 Rb8 15. Rdf1 g5 16. Ng3 Nf6 17. Qe2 Qb6 18. Nd1 Qb5 19. Bd2 Be6 20. Bc3 d5 21. e5 Nd7 22. Nh5 Bf8 23. f4 gxf4 24. Nxf4 Bg8 25. g5 e6 26. Qh5+ Kd8 27. Ng6 Bxa3 28. Nxh8 Bxb2+ 29. Nxb2 1-0

[Event "Titled Tuesday intern op 17th Jan Late"]
[Site "Chess.com INT"]
[Date "2023.01.17"]
[Round "5"]
[White "Kaplan, Avi Harrison"]
[Black "Jordao Barbosa, Marcio Ferre"]
[Result "1-0"]
[WhiteElo "2083"]
[BlackElo "2119"]
[PlyCount "57"]
[EventDate "2023.01.17"]
[EventType "swiss (blitz)"]
[EventRounds "11"]
[EventCountry "USA"]
[SourceTitle "CBM 212 Extra"]
[Source "ChessBase"]
[SourceDate "2023.03.31"]
[SourceVersion "1"]
[SourceVersionDate "2023.03.31"]
[SourceQuality "1"]

1. Nf3 d5 2. g3 Nf6 3. Bg2 g6 4. 0-0 Bg7 5. b3 0-0 6. Bb2 b6 7. d3 Bb7 8. Nbd2 Nbd7 9. Re1 Re8 10. e4 e5 11. exd5 Nxd5 12. Nc4 f6 13. d4 e4 14. Nfd2 f5 15. f3 exf3 16. Nxf3 Qf6 17. Nfe5 Nf8 18. Qd2 Rad8 19. Rad1 Ne6 20. Qf2 Bh6 21. Ng4 fxg4 22. Qxf6 Nxf6 23. Bxb7 Ng5 24. Ne5 Nh3+ 25. Kg2 Nd5 26. Bxd5+ Rxd5 27. Nxg4 Rxe1 28. Nxh6+ Kg7 29. Rxe1 1-0

[Event "BRA-ch 88th"]
[Site "Recife"]
[Date "2022.12.21"]
[Round "9"]
[White "Jordao Barbosa, Marcio Ferre"]
[Black "Zanette, Edgard Vinicius"]
[Result "1-0"]
[WhiteElo "2054"]
[BlackElo "2083"]
[PlyCount "45"]
[EventDate "2022.12.15"]
[EventType "swiss"]
[EventRounds "11"]
[EventCountry "BRA"]
[SourceTitle "CBM 212 Extra"]
[Source "ChessBase"]
[SourceDate "2023.03.31"]
[SourceVersion "1"]
[SourceVersionDate "2023.03.31"]
[SourceQuality "1"]

1. e4 c5 2. Nf3 d6 3. d4 cxd4 4. Nxd4 Nf6 5. Nc3 a6 6. Bg5 e6 7. f4 Be7 8. Qf3 Qc7 9. 0-0-0 Nbd7 10. g4 b5 11. Bxf6 Nxf6 12. g5 Nd7 13. f5 0-0 14. Rg1 b4 15. Nce2 Ne5 16. Qh5 g6 17. Qh6 exf5 18. exf5 gxf5 19. Nf4 Kh8 20. Nd5 Qd8 21. Nf6 Bxf6 22. gxf6 Rg8 23. Rg7 1-0

[Event "BRA-ch 88th"]
[Site "Recife"]
[Date "2022.12.20"]
[Round "8"]
[White "Lima, Darcy Gustavo Macha"]
[Black "Jordao Barbosa, Marcio Ferre"]
[Result "1/2-1/2"]
[WhiteElo "2424"]
[BlackElo "2054"]
[PlyCount "88"]
[EventDate "2022.12.15"]
[EventType "swiss"]
[EventRounds "11"]
[EventCountry "BRA"]
[SourceTitle "CBM 212 Extra"]
[Source "ChessBase"]
[SourceDate "2023.03.31"]
[SourceVersion "1"]
[SourceVersionDate "2023.03.31"]
[SourceQuality "1"]

1. e4 e6 2. d4 d5 3. exd5 exd5 4. Nf3 Nf6 5. h3 Bf5 6. a3 Nbd7 7. c4 Be7 8. Nc3 0-0 9. Be3 Re8 10. c5 c6 11. Be2 Ne4 12. 0-0 Bf6 13. Nxe4 Bxe4 14. Nd2 Bg6 15. b4 b5 16. Nb3 Qc7 17. Qd2 Nf8 18. a4 a6 19. axb5 axb5 20. Bf4 Qd7 21. Rfe1 Bf5 22. Bf1 h6 23. Rxa8 Rxa8 24. Be5 Bg5 25. Bf4 Bf6 26. Be5 Bg5 27. Qb2 Ra4 28. Ra1 Qa7 29. Na5 Rxa1 30. Qxa1 Bd8 31. Qc3 Qd7 32. Qa3 Ne6 33. Qc3 Ng5 34. Qg3 Ne6 35. Qc3 Ng5 36. Be2 Ne4 37. Qe1 Bh4 38. g3 Bd8 39. h4 f6 40. Bf4 g5 41. hxg5 hxg5 42. Be3 Bc7 43. Bf1 Qe6 44. Bg2 Kf7 1/2-1/2

[Event "BRA-ch 88th"]
[Site "Recife"]
[Date "2022.12.19"]
[Round "6"]
[White "Jordao Barbosa, Marcio Ferre"]
[Black "Lima, Stefan Moisei Vieir"]
[Result "1-0"]
[WhiteElo "2054"]
[BlackElo "2076"]
[PlyCount "75"]
[EventDate "2022.12.15"]
[EventType "swiss"]
[EventRounds "11"]
[EventCountry "BRA"]
[SourceTitle "CBM 212 Extra"]
[Source "ChessBase"]
[SourceDate "2023.03.31"]
[SourceVersion "1"]
[SourceVersionDate "2023.03.31"]
[SourceQuality "1"]

1. e4 c5 2. Nf3 d6 3. d4 cxd4 4. Nxd4 Nf6 5. Nc3 g6 6. Be3 Bg7 7. f3 Nc6 8. Bc4 0-0 9. Qd2 Bd7 10. 0-0-0 Rb8 11. h4 Nxd4 12. Bxd4 b5 13. Bb3 h5 14. Bxa7 Ra8 15. Bd4 b4 16. Nd5 Nxd5 17. Bxd5 Rb8 18. g4 e6 19. Bxg7 Kxg7 20. Bb3 Qa5 21. Qxd6 Ba4 22. Qd4+ Kg8 23. Qe3 Ra8 24. Kb1 Ra6 25. gxh5 Qxh5 26. Bc4 Ra5 27. Rd4 Rc8 28. Qd3 Kg7 29. f4 Rac5 30. b3 Bc6 31. Rd1 Qxh4 32. Qd2 Rb8 33. Rd6 Qf6 34. f5 gxf5 35. exf5 Rxc4 36. bxc4 Be4 37. Rg1+ Kf8 38. Rd7 1-0

[Event "Rio de Janeiro Duchamp op 4th"]
[Site "Rio de Janeiro"]
[Date "2022.12.14"]
[Round "9"]
[White "Jordao Barbosa, Marcio Ferre"]
[Black "Rocha, Vitor Firmo de Souz"]
[Result "1-0"]
[WhiteElo "2054"]
[BlackElo "2192"]
[PlyCount "78"]
[EventDate "2022.12.07"]
[EventType "swiss"]
[EventRounds "9"]
[EventCountry "BRA"]
[SourceTitle "EXT 2024"]
[Source "ChessBase"]
[SourceDate "2023.10.10"]
[SourceVersion "1"]
[SourceVersionDate "2023.10.10"]
[SourceQuality "1"]

1. e4 c5 2. Nf3 e6 3. d4 cxd4 4. Nxd4 Nf6 5. Nc3 a6 6. Bg5 Be7 7. Qd2 d6 8. f3 b5 9. 0-0-0 b4 10. Nce2 Qc7 11. Bxf6 Bxf6 12. Qxb4 0-0 13. Nb3 Rd8 14. Qa5 Qa7 15. Ned4 Bd7 16. Kb1 Nc6 17. Nxc6 Bxc6 18. Bd3 Qb7 19. Rhe1 Rdb8 20. f4 Bd8 21. Qd2 a5 22. c3 e5 23. fxe5 dxe5 24. Qc2 a4 25. Nd2 Be7 26. Nc4 f6 27. Ka1 Ra6 28. Re2 Bc5 29. Ne3 Ra5 30. Bc4+ Kh8 31. Nd5 Bb5 32. Bxb5 Rxb5 33. Red2 h6 34. g4 Qc8 35. Qxa4 Qxg4 36. Nc7 R5b7 37. Na6 Ra7 38. Qc4 Be3 39. Qe2 Qxe4 1-0

[Event "Natal zt 2.4"]
[Site "Natal"]
[Date "2022.10.06"]
[Round "6"]
[White "Viscaino Yanez, Jhonny Cesar"]
[Black "Jordao Barbosa, Marcio Ferre"]
[Result "0-1"]
[WhiteElo "1834"]
[BlackElo "2114"]
[PlyCount "63"]
[EventDate "2022.10.03"]
[EventType "swiss"]
[EventRounds "9"]
[EventCountry "BRA"]
[SourceTitle "EXT 2024"]
[Source "ChessBase"]
[SourceDate "2023.10.10"]
[SourceVersion "1"]
[SourceVersionDate "2023.10.10"]
[SourceQuality "1"]

1. b3 e5 2. Bb2 Nc6 3. c4 Nf6 4. Nf3 e4 5. Nd4 Bc5 6. Nf5 0-0 7. Nc3 d6 8. Ng3 Re8 9. Qb1 Qe7 10. e3 a6 11. Be2 Nd8 12. 0-0 Bd7 13. f3 exf3 14. Rxf3 Ng4 15. Nd5 Qh4 16. Nf1 Ne6 17. Rg3 Ng5 18. Bxg4 Bxg4 19. Bxg7 Kxg7 20. Qb2+ Re5 21. d4 Rxd5 22. cxd5 Bb6 23. Qf2 Ne4 24. Qf4 f5 25. h3 Nxg3 26. Nxg3 Qh6 27. hxg4 Qxf4 28. Nh5+ Kh6 29. Nxf4 fxg4 30. Kf2 Re8 31. Rh1+ Kg7 32. Rh4 0-1

[Event "Joao Pessoa Paraibano"]
[Site "Joao Pessoa"]
[Date "2022.08.20"]
[Round "4"]
[White "Da Silva Tomaz, Luiz Antonio"]
[Black "Jordao Barbosa, Marcio Ferre"]
[Result "1-0"]
[WhiteElo "2098"]
[BlackElo "2118"]
[PlyCount "51"]
[EventDate "2022.08.19"]
[EventType "swiss"]
[EventRounds "5"]
[EventCountry "BRA"]
[SourceTitle "EXT 2024"]
[Source "ChessBase"]
[SourceDate "2023.10.10"]
[SourceVersion "1"]
[SourceVersionDate "2023.10.10"]
[SourceQuality "1"]

1. d4 d5 2. c4 e6 3. Nc3 Nf6 4. Bg5 Be7 5. e3 h6 6. Bh4 0-0 7. Nf3 b6 8. Bd3 Bb7 9. 0-0 Nbd7 10. Rc1 c5 11. Qe2 Ne4 12. Bxe7 Qxe7 13. Rfd1 Rac8 14. cxd5 exd5 15. Ba6 Ndf6 16. dxc5 bxc5 17. h3 Rfd8 18. Qb5 Bc6 19. Qa5 Rb8 20. b3 Re8 21. Nxe4 Nxe4 22. Bd3 Rec8 23. Rc2 Be8 24. Rdc1 Rb6 25. Bxe4 Rb5 26. Qa6 1-0

[Event "Teresina Nordeste Cup"]
[Site "Teresina"]
[Date "2022.07.23"]
[Round "3"]
[White "Jordao Barbosa, Marcio Ferre"]
[Black "Dantas, Marcos Dimitri De R"]
[Result "1-0"]
[WhiteElo "2100"]
[BlackElo "1561"]
[PlyCount "64"]
[EventDate "2022.07.22"]
[EventType "swiss"]
[EventRounds "6"]
[EventCountry "BRA"]
[SourceTitle "CBM 209 Extra"]
[Source "ChessBase"]
[SourceDate "2022.09.30"]
[SourceVersion "1"]
[SourceVersionDate "2022.09.30"]
[SourceQuality "1"]

1. e4 e6 2. d4 d5 3. Nc3 Nf6 4. e5 Nfd7 5. f4 c5 6. Nf3 Nc6 7. Be3 a6 8. Qd2 b5 9. Be2 cxd4 10. Nxd4 Nxd4 11. Bxd4 Bc5 12. Bf3 Qb6 13. Ne2 Bxd4 14. Nxd4 0-0 15. 0-0 f6 16. Rae1 f5 17. b4 Nb8 18. Kh1 Nc6 19. Nb3 a5 20. a3 Bd7 21. Nc5 Rfd8 22. Bxd5 exd5 23. Qxd5+ Kh8 24. Nxd7 Qc7 25. e6 axb4 26. axb4 Ne7 27. Qd3 Qc6 28. Rf3 Ra2 29. Rf2 Nd5 30. Qxf5 Ne3 31. Qg5 Re8 32. f5 Nxc2 1-0

[Event "Joao Pessoa Fischer Memorial 11th"]
[Site "Joao Pessoa"]
[Date "2022.05.06"]
[Round "1"]
[White "Jordao Barbosa, Marcio Ferre"]
[Black "Muniz, Joao Henrique Barbo"]
[Result "1-0"]
[WhiteElo "2127"]
[BlackElo "1660"]
[PlyCount "55"]
[EventDate "2022.05.06"]
[EventType "swiss"]
[EventRounds "6"]
[EventCountry "BRA"]
[SourceTitle "EXT 2023"]
[Source "ChessBase"]
[SourceDate "2022.10.05"]
[SourceVersion "1"]
[SourceVersionDate "2022.10.05"]
[SourceQuality "1"]

1. e4 c6 2. d4 d5 3. Nc3 dxe4 4. Nxe4 Bf5 5. Ng3 Bg6 6. h4 h6 7. Nf3 Nd7 8. h5 Bh7 9. Bd3 Bxd3 10. Qxd3 e6 11. Bf4 Ngf6 12. 0-0-0 Nd5 13. Bd2 c5 14. c4 Nb4 15. Bxb4 cxb4 16. Ne4 Qc7 17. Kb1 a5 18. d5 exd5 19. cxd5 Bd6 20. Rc1 Bc5 21. Nxc5 Nxc5 22. Qe3+ Qe7 23. Qxc5 Qxc5 24. Rxc5 Kd7 25. Rb5 Ra7 26. Ne5+ Ke7 27. Re1 Kf6 28. Rb6+ 1-0

[Event "Norte e Nordeste-ch U2200"]
[Site "Fortaleza"]
[Date "2022.04.17"]
[Round "5"]
[White "Do Nascimento, Davi Alves"]
[Black "Jordao Barbosa, Marcio Ferre"]
[Result "1-0"]
[WhiteElo "1836"]
[BlackElo "2131"]
[PlyCount "103"]
[EventDate "2022.04.15"]
[EventType "swiss"]
[EventRounds "6"]
[EventCountry "BRA"]
[SourceTitle "EXT 2023"]
[Source "ChessBase"]
[SourceDate "2022.10.05"]
[SourceVersion "1"]
[SourceVersionDate "2022.10.05"]
[SourceQuality "1"]

1. d4 e6 2. c4 d5 3. Nf3 c6 4. Qc2 f5 5. g3 Nf6 6. Bg2 Be7 7. 0-0 0-0 8. Nbd2 Bd7 9. Ne5 Be8 10. Ndf3 Ne4 11. Ne1 Nd7 12. N1d3 Nxe5 13. Nxe5 Rc8 14. f3 Nf6 15. c5 Nd7 16. Bf4 Bf6 17. Nxd7 Qxd7 18. e3 Bg6 19. Bd6 Rf7 20. f4 Bh5 21. b4 g5 22. Qd3 Rg7 23. a4 b6 24. Rab1 Be8 25. Rfc1 g4 26. Qa3 Be7 27. Be5 Rf7 28. Bf1 Qb7 29. Qd3 b5 30. axb5 cxb5 31. Ra1 Ra8 32. Ra2 Bc6 33. h3 h5 34. Rh2 Rh7 35. Rcc2 Be8 36. hxg4 fxg4 37. f5 Qc6 38. fxe6 Qxe6 39. Rcf2 a5 40. bxa5 Rxa5 41. Qc3 Ra6 42. Bd3 Rh6 43. Bf5 Qc6 44. Bf4 Rh8 45. Qb2 Qa8 46. Rf1 Qc6 47. Qf2 Ra3 48. Bd6 Bg5 49. Be6+ Kg7 50. Bf8+ Kh7 51. Qf5+ Bg6 52. Rxh5+ 1-0

[Event "American World Cup Q Prelim"]
[Site "Tornelo INT"]
[Date "2021.05.09"]
[Round "9"]
[White "Jordao Barbosa, Marcio Ferre"]
[Black "Amigo Quintana, Antu"]
[Result "0-1"]
[WhiteElo "2183"]
[BlackElo "1788"]
[PlyCount "198"]
[EventDate "2021.05.08"]
[EventType "swiss (rapid)"]
[EventRounds "9"]
[EventCountry "USA"]
[SourceTitle "CBM 202 Extra"]
[Source "ChessBase"]
[SourceDate "2021.07.31"]
[SourceVersion "1"]
[SourceVersionDate "2021.07.31"]
[SourceQuality "1"]

1. e4 e5 2. Nf3 Nc6 3. d4 exd4 4. Nxd4 Bb4+ 5. Nc3 Nf6 6. Nxc6 bxc6 7. Bd3 0-0 8. 0-0 d5 9. exd5 cxd5 10. Bg5 c6 11. Qf3 Bd6 12. Rfe1 Be6 13. h3 Rb8 14. Rab1 h6 15. Bxf6 Qxf6 16. Qxf6 gxf6 17. Ne2 c5 18. c3 f5 19. Ng3 f4 20. Nh5 d4 21. c4 Rb6 22. Re2 Rfb8 23. b3 a5 24. Rbe1 a4 25. Bc2 axb3 26. axb3 d3 27. Bxd3 Rxb3 28. Bc2 Rb2 29. Nf6+ Kg7 30. Ne4 Be7 31. Bd3 R2b3 32. Bc2 Rb2 33. Bd3 R2b4 34. Rc2 Rd8 35. Bf1 Rd4 36. Nd2 Bf6 37. Nf3 Rd6 38. Kh2 Ra6 39. Bd3 Ra3 40. Bf1 Raa4 41. Nd2 Bf5 42. Ne4 Bd4 43. f3 Be6 44. Bd3 Ra3 45. Bf1 Be3 46. Rd1 Raa4 47. Nd6 Bd4 48. Re1 Ra6 49. Ne4 Bf5 50. Bd3 Ra3 51. Bf1 Be3 52. Rd1 Ra7 53. g4 Bxe4 54. fxe4 Re7 55. Bd3 Rb3 56. Kg2 Rd7 57. Be2 Bd4 58. Bf3 Ra7 59. Re1 Raa3 60. Rf1 Re3 61. Rd2 Rac3 62. Re2 Rxc4 63. Rxe3 Bxe3 64. Rb1 Rc2+ 65. Kh1 Rf2 66. Bg2 f3 67. Bf1 Rd2 68. Bc4 Bf4 69. Kg1 Rh2 70. Rb7 f2+ 71. Kf1 Be3 72. Rxf7+ Kg6 73. Rf5 Rxh3 74. e5 Rg3 75. e6 Rxg4 76. Rf3 Bd4 77. e7 Rg1+ 78. Ke2 Re1+ 79. Kd2 Rxe7 80. Bd3+ Kh5 81. Rh3+ Kg5 82. Rg3+ Kf4 83. Rh3 Re6 84. Rh5 Rd6 85. Rf5+ Kg4 86. Ke2 Re6+ 87. Kd2 h5 88. Rf8 Rf6 89. Rg8+ Kh4 90. Bf1 Rf4 91. Rg2 Rg4 92. Rh2+ Kg5 93. Ke2 h4 94. Rh3 Rg3 95. Rh2 Kg4 96. Rh1 Ra3 97. Rh2 Ra2+ 98. Kd3 Ra1 99. Be2+ Kg3 0-1

[Event "American World Cup Q Prelim"]
[Site "Tornelo INT"]
[Date "2021.05.08"]
[Round "3"]
[White "Jordao Barbosa, Marcio Ferre"]
[Black "Slipak, Sergio"]
[Result "1/2-1/2"]
[WhiteElo "2183"]
[BlackElo "2402"]
[PlyCount "28"]
[EventDate "2021.05.08"]
[EventType "swiss (rapid)"]
[EventRounds "9"]
[EventCountry "USA"]
[SourceTitle "CBM 202 Extra"]
[Source "ChessBase"]
[SourceDate "2021.07.31"]
[SourceVersion "1"]
[SourceVersionDate "2021.07.31"]
[SourceQuality "1"]

1. e4 e5 2. Nf3 Nc6 3. d4 exd4 4. Nxd4 Bb4+ 5. Nc3 Nf6 6. Nxc6 bxc6 7. Bd3 0-0 8. 0-0 d5 9. exd5 cxd5 10. Bg5 c6 11. Qf3 h6 12. Bxf6 Qxf6 13. Qxf6 gxf6 14. Ne2 Bd6 1/2-1/2

[Event "American World Cup Q Prelim"]
[Site "Tornelo INT"]
[Date "2021.05.08"]
[Round "4"]
[White "Jordao Barbosa, Marcio Ferre"]
[Black "Valdes Romero, Leonardo"]
[Result "0-1"]
[WhiteElo "2183"]
[BlackElo "2402"]
[PlyCount "82"]
[EventDate "2021.05.08"]
[EventType "swiss (rapid)"]
[EventRounds "9"]
[EventCountry "USA"]
[SourceTitle "CBM 202 Extra"]
[Source "ChessBase"]
[SourceDate "2021.07.31"]
[SourceVersion "1"]
[SourceVersionDate "2021.07.31"]
[SourceQuality "1"]

1. e4 d6 2. d4 Nf6 3. Nc3 g6 4. Be2 Bg7 5. g4 c6 6. h4 h5 7. g5 Nfd7 8. Be3 b5 9. Qd2 Bb7 10. 0-0-0 Qa5 11. a3 Qc7 12. d5 a6 13. dxc6 Nxc6 14. Nd5 Qd8 15. f4 0-0 16. Nf3 Rc8 17. Rhf1 Nc5 18. Bxc5 dxc5 19. Qe3 Nd4 20. Nxd4 cxd4 21. Qf3 e6 22. Nb4 Qc7 23. Bd3 a5 24. Na2 b4 25. Kb1 bxa3 26. b3 a4 27. b4 Ba8 28. Ka1 Rb8 29. Rb1 Rfc8 30. Qe2 Qe7 31. Qd2 Qd6 32. Qc1 Qb6 33. Qxa3 Rxc2 34. Bxc2 d3+ 35. Nc3 dxc2 36. Rb2 Qe3 37. Rxc2 Bxe4 38. Rcc1 Rc8 39. Rfe1 Rxc3 40. Rxc3 Qxe1+ 41. Kb2 Qd2+ 0-1

[Event "American World Cup Q Prelim"]
[Site "Tornelo INT"]
[Date "2021.05.08"]
[Round "2"]
[White "Ordaz Valdes, Lisandra Teresa"]
[Black "Jordao Barbosa, Marcio Ferre"]
[Result "0-1"]
[WhiteElo "2369"]
[BlackElo "2183"]
[PlyCount "70"]
[EventDate "2021.05.08"]
[EventType "swiss (rapid)"]
[EventRounds "9"]
[EventCountry "USA"]
[SourceTitle "CBM 202 Extra"]
[Source "ChessBase"]
[SourceDate "2021.07.31"]
[SourceVersion "1"]
[SourceVersionDate "2021.07.31"]
[SourceQuality "1"]

1. d4 e6 2. c4 d5 3. Nc3 Nf6 4. cxd5 exd5 5. Bg5 Be7 6. e3 0-0 7. Bd3 h6 8. Bh4 Be6 9. Nge2 Nbd7 10. 0-0 c5 11. Qc2 Rc8 12. Bf5 Qb6 13. Bxe6 fxe6 14. Rad1 Bd6 15. Bg3 Bxg3 16. hxg3 cxd4 17. exd4 Ne4 18. Qd3 Ndf6 19. f3 Nd6 20. b3 Rc6 21. Kh2 Qc7 22. Na4 Nf5 23. Nc5 b6 24. Na6 Qd6 25. Rc1 Rxc1 26. Rxc1 Nh5 27. f4 Nf6 28. Nc7 Ng4+ 29. Kg1 Rc8 30. Nb5 Rxc1+ 31. Nxc1 Qb4 32. Qc3 Qxb5 33. Qc8+ Kh7 34. Qxe6 Nfe3 35. Ne2 Qxe2 0-1

[Event "BRA-ch sf Reg2 86th"]
[Site "Recife"]
[Date "2019.12.22"]
[Round "6"]
[White "Urquiza, Marcello de Albuque"]
[Black "Jordao Barbosa, Marcio Ferre"]
[Result "1/2-1/2"]
[WhiteElo "2075"]
[BlackElo "2150"]
[PlyCount "88"]
[EventDate "2019.12.19"]
[EventType "swiss"]
[EventRounds "7"]
[EventCountry "BRA"]
[SourceTitle "CBM 194 Extra"]
[Source "ChessBase"]
[SourceDate "2020.03.31"]
[SourceVersion "1"]
[SourceVersionDate "2020.03.31"]
[SourceQuality "1"]

1. e4 e6 2. d4 d5 3. Nd2 c5 4. exd5 Qxd5 5. Ngf3 cxd4 6. Bc4 Qd6 7. 0-0 Nf6 8. Nb3 Nc6 9. Nfxd4 a6 10. c3 Bd7 11. Nxc6 Qxc6 12. Qe2 Rc8 13. Bd3 Bd6 14. Bg5 Qc7 15. g3 h6 16. Bxf6 gxf6 17. Nd4 Kf8 18. Qh5 Qc5 19. Qxc5 Bxc5 20. Nb3 Ba7 21. Be4 Rc7 22. Rfd1 f5 23. Bf3 f4 24. Rd6 Ke7 25. Rad1 fxg3 26. hxg3 Rg8 27. Kg2 Rg5 28. R6d2 a5 29. Rh1 a4 30. Nd4 Rg6 31. a3 Kf8 32. Rh5 f5 33. Re2 Rf6 34. Rh4 Bc5 35. Nc2 Bd6 36. Nb4 Be7 37. Re5 b6 38. Nd3 Bd6 39. Re1 Bb5 40. Nf4 Bd7 41. Nh5 Rg6 42. Nf4 Rf6 43. Nh5 Rg6 44. Nf4 Rf6 1/2-1/2